Giáo trình vật liệu y sinh

Nội dung sách trình bày những nội dung cơ bản về hóa sinh, nhằm cung cấp cho sinh viên các kiến thức về protein, tế bào, mô và chất nền ngọai bào là các đối tượng và vật liệu y sinh tiếp xúc và tương tác sau khi cấy ghép vào cơ thể sốn...

Full beskrivning

Sparad:
Bibliografiska uppgifter
Huvudupphovsman: Nguyễn Kim Ngà
Materialtyp: Bok
Språk:Vietnamese
Publicerad: H. Bách Khoa Hà Nội 2022
Ämnen:
Taggar: Lägg till en tagg
Inga taggar, Lägg till första taggen!
Thư viện lưu trữ: Thư viện Trường Đại học Nam Cần Thơ
LEADER 01479nam a22002057a 4500
001 NCT_4_001707
008 231004b xxu||||| |||| 00| 0 vie d
999 |c 7946  |d 7946 
020 |a 9786043164589  |c 155000 
082 0 4 |2 23rd ed.  |a 610.28  |b Ng100 
100 1 |a Nguyễn Kim Ngà 
245 1 0 |a Giáo trình vật liệu y sinh  |c Nguyễn Kim Ngà 
260 |a H.  |b Bách Khoa Hà Nội  |c 2022 
300 |a 193tr.  |b minh họa  |c 24 cm 
520 3 |a Nội dung sách trình bày những nội dung cơ bản về hóa sinh, nhằm cung cấp cho sinh viên các kiến thức về protein, tế bào, mô và chất nền ngọai bào là các đối tượng và vật liệu y sinh tiếp xúc và tương tác sau khi cấy ghép vào cơ thể sống; đồng thời cung cấp các dạng vật liệu sinh học thường được sử dụng trong lĩnh vực y sinh và kỹ thuật mô xương, cùng các phương pháp thử nghiệm sinh học. 
653 |a Y Đa khoa 
942 |2 ddc  |c BK 
952 |0 0  |1 0  |2 ddc  |4 0  |6 610_280000000000000_NG100  |7 0  |9 28242  |a 000001  |b 000001  |d 2023-10-04  |o 610.28 Ng100  |p MD.21995  |r 2023-10-04  |v 155000.00  |w 2023-10-04  |y BK 
952 |0 0  |1 0  |2 ddc  |4 0  |6 610_280000000000000_NG100  |7 0  |9 28243  |a 000001  |b 000001  |d 2023-10-04  |o 610.28 Ng100  |p MD.21996  |r 2023-10-04  |v 155000.00  |w 2023-10-04  |y BK 
980 |a Thư viện Trường Đại học Nam Cần Thơ